| 000 | 01221nam a22003137a 4500 | ||
|---|---|---|---|
| 001 | BR8000484 | ||
| 003 | BR-BrBNA | ||
| 005 | 20231130131747.0 | ||
| 008 | 230509b bl.||||| |||| 00| 0 por d | ||
| 040 |
_aBR-BrBNA _bpor |
||
| 041 | _a(Por) | ||
| 072 | _aF26; F24 | ||
| 090 |
_aF26 _bBR8000484 |
||
| 110 | 1 |
_aSecretaria Nacional de Planejamento Agricola, Brasilia, DF (Brasil) _99209 |
|
| 245 | 1 |
_aAptidao agricola das terras da Bahia [Uso da terra; Brasil] _bv. 10: Colecao estudos basicos para o planejamento agricola. Serie aptidao agricola das terras |
|
| 246 | 1 |
_a[Faming aptitude of Bahia lands [Land usage; Brazil]] _b[v. 10; Basic studies collection for farm planning. Series land farming aptitude] |
|
| 260 | 3 |
_aBrasilia, DF (Brasil): _bBiblioteca Nacional de Agricultura, _c1979. |
|
| 300 | _a140 p. | ||
| 500 | _a31 illus.; 42 tables; Bibliography p. 135-138 (57 ref.); Map, in pocket, scale 1:1.000.000; Summaries (Eng, Por) | ||
| 650 | _aRecurso do solo | ||
| 650 | _aReconhecimento do solo | ||
| 650 | _aSolo | ||
| 650 | _aUso da terra | ||
| 650 | _aAptidao agricola | ||
| 650 | _aBahia | ||
| 909 |
_a11/2023 _bFernando |
||
| 942 | _cBK | ||
| 999 |
_c29226 _d29226 |
||